000 00382nam a2200145Ia 4500
008 151213s9999 xx 000 0 und d
100 _aTony Davies Nigel Wood
245 _aThe Waste Hand
_cTony Davies Nigel Wood
260 _aNew Dilhi
_bViva Books
_c2003
300 _a2220 p.
650 _aEnglish
650 _aEnglish
700 _aTony Davies Nigel Wood
999 _c1625
_d1625